[ Aplikovaná poistná štatistika ]
Recenzia na publikáciu V. Pacákovej: Aplikovaná poistná štatistika. Aplikácia štatistiky v poistných vedách a poistnej praxi. Charakteristika jednotlivých kapitol. Publikácia je predovšetkým vysokoškolskou učebnicou, ale môžu ju využiť aj odborníci z poistnej praxe.
Salvato in:
| Autore principale: | |
|---|---|
| Natura: | Capitolo di libro |
| Lingua: | slovacco |
| Soggetti: | |
| Tags: |
Nessun Tag, puoi essere il primo ad aggiungerne!!
|
MARC
| LEADER | 00000naa$a2200000$$$4500 | ||
|---|---|---|---|
| 001 | 0032788 | ||
| 005 | 20240502071440.7 | ||
| 041 | 0 | |a slo | |
| 044 | |a SK | ||
| 245 | 1 | 0 | |a [ Aplikovaná poistná štatistika ] |c Eva Sodomová |
| 520 | |a Recenzia na publikáciu V. Pacákovej: Aplikovaná poistná štatistika. Aplikácia štatistiky v poistných vedách a poistnej praxi. Charakteristika jednotlivých kapitol. Publikácia je predovšetkým vysokoškolskou učebnicou, ale môžu ju využiť aj odborníci z poistnej praxe. | ||
| 610 | 2 | 0 | |a recenzie |
| 610 | 2 | 0 | |a štatistika aplikovaná |
| 610 | 2 | 0 | |a štatistika poistná |
| 610 | 2 | 0 | |a veda |
| 610 | 2 | 0 | |a prax odborná |
| 610 | 2 | 0 | |a učebnice |
| 100 | 1 | |a Sodomová, Eva | |